Datum a čas kvízu
30
Celkem bodů
Celkový počet nahraných bodů na tomto kvízu bez doplňovacích otázek.
2.
Pořadí na kvízu
Konečné umístění týmu na tomto kvízu.
Zaznamenané odpovědi
| # | Otázka | Odpověď | Body | Výsledky |
|---|---|---|---|---|
| 1. | Česká advokátní komora uložila... | 1 | ||
| 2. | Britský princ Harry a americká... | 1 | ||
| 3. | Ve zlínském obchodním a zábavn... | 1 | ||
| 4. | Bývalého hokejového brankáře,... | 1 | ||
| 5. | Velká fotbalová legenda se sta... | 1 | ||
| 6. | Dědictví aneb Kurvahošigutntag... | 1 | ||
| 7. | Bohuš: "Není to ___, ten Kája?... | 1 | ||
| 8. | Kterou značku cigaret má Bohuš... | 1 | ||
| 9. | Kterou polévku si objednal prá... | 0 | ||
| 10. | Pták, kterého Bohuš koupil Ire... | 0 |